| 000 | 00814cab a2200241 4500 | ||
|---|---|---|---|
| 001 | WB2836-13 | ||
| 008 | 090401t1992 xxu||||| |||| 00| 0 eng d | ||
| 035 | _a(Sirsi) u12490 | ||
| 041 | _aeng | ||
| 245 | _aRecession destroying our heritage | ||
| 260 | _c1992 | ||
| 350 | _a0 | ||
| 490 |
_aEvening Standard _v15 September 1992, 12 |
||
| 490 |
_aDaily Telegraph _v16 September 1992, 4(2) |
||
| 520 | _aMore threats to the country`s heritage exist now than ever before according to the chairman of English Heritage who has blamed air pollution, housing shortages and the recession for the increased pressure. | ||
| 650 | _aAIR POLLUTION | ||
| 650 | _aENVIRONMENTAL PROBLEMS | ||
| 650 | _aHISTORIC BUILDINGS | ||
| 650 | _aLISTED BUILDINGS | ||
| 690 | _aCONSERVATION | ||
| 942 | _n0 | ||
| 948 | _c04/03/1997 | ||
| 999 |
_c7982 _d7982 |
||